A decade of expanding transportation boundaries

Na minha lista:
Detalhes bibliográficos
Autor principal: Weber, Gregory R.
Formato: Livro
Idioma:Undetermined
Publicado em: N. Y. CSX Corporation 1989
Assuntos:
Tags: Adicionar Tag
Sem tags, seja o primeiro a adicionar uma tag!
Thư viện lưu trữ: Trung tâm Học liệu Trường Đại học Cần Thơ
LEADER 00513nam a2200193Ia 4500
001 CTU_86764
008 210402s9999 xx 000 0 und d
082 |a 380.5 
082 |b W373 
100 |a Weber, Gregory R. 
245 2 |a A decade of expanding transportation boundaries 
245 0 |c Gregory R. Weber 
260 |a N. Y. 
260 |b CSX Corporation 
260 |c 1989 
650 |a Transportation 
650 |x Businesses 
904 |i Năm 
980 |a Trung tâm Học liệu Trường Đại học Cần Thơ